Prueba de Singapur - Estadísticas

Estadísticas generales
  • Esta prueba ha sido intentada 1.140 veces
  • La puntuación promedio es 8 de 20
Estadísticas de respuestas
Pista Respuesta % Correcto
Idiomas oficiales Inglés
94%
Idiomas oficiales Chino
86%
País que invadió Singapur en 1942 Japón
84%
El país que fundó la ciudad moderna en 1819 Reino Unido
73%
La latitud de Singapur (al número entero más cercano) 1° N
69%
Moneda Dólar
66%
Idiomas oficiales Malayo
64%
Los dulces que fueron prohibidos en 1992 Chicle
53%
Término utilizado para describir las economías de Singapur, Taiwán, Hong Kong y Corea del Sur Cuatro {tigres} asiáticos
44%
Significado de "Singapur" La Ciudad de los {Leones}
36%
Idiomas oficiales Tamil
28%
Singapur tiene el segundo _____ más ocupado del mundo, después de Cantón Puerto
27%
El mar en el extremo oriental del Estrecho de Singapur Mar de China Meridional
26%
La popular pero apestosa fruta que está prohibida en el metro Durian
24%
Primer Ministro de 1959-1990, a menudo considerado un "dictador benévolo" Lee Kuan-Yew
11%
Famosa estatua que escupe agua Merlion
11%
Singapur tiene la tasa de ______ más bajo del mundo Fertilidad
10%
Cóctel de ginebra con cereza y piña Singapore {Sling}
10%
Famosa calle comercial, que una vez fue el sitio de las plantaciones de especias y frutas {Orchard} Road
9%
Término para un patio de comidas al aire libre {Hawker} Centre
7%
No se encontraron pruebas coincidentes
Distribución de puntuación
Porcentaje de gente con cada puntuación
Porcentaje por número respondido
Historial de tus puntuaciones
No has intentado esta prueba.